| 000 | 00564 a2200193 4500 | ||
|---|---|---|---|
| 020 | _a0072471417 | ||
| 040 |
_aDLC _bEnglish |
||
| 082 | _a005.74 | ||
| 100 | 1 | _aPost, Gerald V | |
| 245 | 0 | 0 |
_aDatabase management systems : designing and building business applications _cGerald V. Post |
| 250 | _a2nd ed | ||
| 260 |
_aBoston, Mass. : _bMcGraw-Hill, _c2002 |
||
| 300 |
_a568 s. : _bill. |
||
| 650 | 0 | _aDatabase management | |
| 650 | 0 | _aDatabase design | |
| 650 | 0 |
_aBusiness _xDatabases |
|
| 650 | 0 | _aManagement information systems | |
| 942 |
_cBK _k005.74 POS _2ddc |
||
| 999 |
_c6558 _d6558 |
||